Sentidos de la comunicación: teorías y perspectivas sobre cultura y comunicación
I tiakina i:
| Kaituhi matua: | |
|---|---|
| Hōputu: | Pukapuka |
| Reo: | Pāniora |
| I whakaputaina: |
Buenos Aires, Argentina.
Biblos,
2005
|
| Putanga: | Primera edición |
| Ngā marau: | |
| Ngā Tūtohu: |
Tāpirihia he Tūtohu
Kāore He Tūtohu, Me noho koe te mea tuatahi ki te tūtohu i tēnei pūkete!
|
MARC
| LEADER | 00000nam a2200000 a 4500 | ||
|---|---|---|---|
| 001 | UCK4929 | ||
| 003 | CL-VaPUC | ||
| 005 | 20240125113211.0 | ||
| 008 | 050701e20050000AG |||||||||||||||||spa|d | ||
| 999 | |c 313637 |d 313635 | ||
| 020 | |a 9507864776 | ||
| 040 | |c Pontificia Universidad Católica de Valparaíso | ||
| 082 | 0 | 4 | |a 302.23 MAR 2005 |2 21 |
| 100 | |a Marafioti, Roberto |e autor |9 243946 | ||
| 245 | 1 | 0 | |a Sentidos de la comunicación: teorías y perspectivas sobre cultura y comunicación |
| 250 | |a Primera edición | ||
| 260 | 3 | |a Buenos Aires, Argentina. |b Biblos, |c 2005 | |
| 300 | |a 276 páginas | ||
| 583 | |a last modification |c 20050701 00:00:00 |k Rodrigo Vera | ||
| 650 | 0 | |a Teoría de la comunicación |9 260752 | |
| 650 | 0 | |a Antropología cultural y social |9 265143 | |
| 650 | 0 | |a Medios de comunicación de masas |9 257273 | |
| 650 | 0 | |a Mediación |9 338396 | |
| 650 | 0 | |a Desarrollo cultural |9 267526 | |
| 650 | 0 | |a Sociedad del conocimiento |9 464837 | |
| 942 | |c BK |2 ddc | ||
| 945 | |d 20050701 00:00:00 |a cmena | ||
| 952 | |0 0 |1 0 |2 ddc |4 0 |6 302_230000000000000_MAR_2005 |7 0 |8 A |9 385095 |a BIBCUR |b BIBCUR |c GEN |d 2019-11-22 |i 4142063 |l 3 |o 302.23 MAR 2005 |p 4142063 |r 2025-04-22 |s 2023-11-17 |t 1 |w 2019-11-22 |y BK |k PER | ||
| 952 | |0 0 |1 0 |4 0 |6 302_230000000000000_MAR_2005 |7 0 |8 A |9 385096 |a BIBCUR |b BIBCUR |d 2019-11-22 |i 427282K |l 1 |o 302.23 MAR 2005 |p 427282K |r 2025-04-22 |s 2023-05-04 |t 2 |w 2019-11-22 |y BK |k PER | ||
| 952 | |0 0 |1 0 |4 0 |6 302_230000000000000_MAR_2005 |7 0 |8 A |9 385097 |a BIBCUR |b BIBCUR |d 2019-11-22 |i 4473876 |l 2 |o 302.23 MAR 2005 |p 4473876 |r 2025-04-22 |s 2023-05-04 |t 3 |w 2019-11-22 |y BK |k PER | ||
| 952 | |0 0 |1 0 |2 ddc |4 0 |6 302_230000000000000_MAR_2005 |7 0 |8 A |9 385098 |a BIBCUR |b BIBCUR |c GEN |d 2019-11-22 |i 4499468 |l 1 |o 302.23 MAR 2005 |p 4499468 |r 2025-04-22 |s 2023-05-04 |t 4 |w 2019-11-22 |y BK |k PER | ||
| 952 | |0 0 |1 0 |2 ddc |3 erb |4 0 |6 302_230000000000000_MAR_2005 |7 0 |8 A |9 495727 |a BIBGIM |b BIBGIM |i 5566886 |o 302.23 MAR 2005 |p 5566886 |r 2025-01-15 |t 5 |w 2020-01-06 |y BK |z Catalogado en:20191213 |k SSL | ||
| 952 | |0 0 |1 0 |2 ddc |4 0 |6 302_230000000000000_MAR_2005 |7 0 |8 A |9 495936 |a BIBGIM |b BIBGIM |d 2020-01-09 |e 73 |g 31795.00 |i 5572339 |o 302.23 MAR 2005 |p 5572339 |r 2025-01-15 |t 6 |v 31795.00 |w 2020-01-09 |y BK |k SSL | ||
| 952 | |0 0 |1 0 |2 ddc |4 0 |6 302_230000000000000_MAR_2005 |7 0 |8 A |9 551482 |a BIBGIM |b BIBGIM |d 2020-02-27 |i 5565812 |o 302.23 MAR 2005 |p 5565812 |r 2025-01-15 |t 7 |w 2020-02-27 |y BK |k SSL | ||